The count of Monte Cristo / (Record no. 383436)
[ view plain ]
| 000 -LEADER | |
|---|---|
| fixed length control field | 02220cam a2200553Ia 4500 |
| 001 - CONTROL NUMBER | |
| control field | ocn821854743 |
| 003 - CONTROL NUMBER IDENTIFIER | |
| control field | OCoLC |
| 005 - DATE AND TIME OF LATEST TRANSACTION | |
| control field | 20230424115451.0 |
| 008 - FIXED-LENGTH DATA ELEMENTS--GENERAL INFORMATION | |
| fixed length control field | 121218s2008 nyua j 000 1 eng d |
| 040 ## - CATALOGING SOURCE | |
| Original cataloging agency | TXE |
| Language of cataloging | eng |
| Transcribing agency | TXE |
| Modifying agency | OCLCO |
| -- | OCLCA |
| -- | OCLCF |
| -- | OCLCO |
| -- | OCLCQ |
| -- | OCLCO |
| -- | OCL |
| -- | JDP |
| -- | OCL |
| -- | OCLCO |
| -- | TXE |
| -- | WACOL |
| 020 ## - INTERNATIONAL STANDARD BOOK NUMBER | |
| International Standard Book Number | 9781603400473 |
| 020 ## - INTERNATIONAL STANDARD BOOK NUMBER | |
| International Standard Book Number | 1603400478 |
| 035 ## - SYSTEM CONTROL NUMBER | |
| System control number | (OCoLC)821854743 |
| 043 ## - GEOGRAPHIC AREA CODE | |
| Geographic area code | e-fr--- |
| 050 #4 - LIBRARY OF CONGRESS CALL NUMBER | |
| Classification number | PE1128.D81 Co 2008 |
| 092 ## - LOCALLY ASSIGNED DEWEY CALL NUMBER (OCLC) | |
| Classification number | junior fiction |
| Item number | Dumas |
| 049 ## - LOCAL HOLDINGS (OCLC) | |
| Holding library | WACL |
| 100 1# - MAIN ENTRY--PERSONAL NAME | |
| Personal name | Dumas, Alexandre, |
| Dates associated with a name | 1802-1870. |
| 245 14 - TITLE STATEMENT | |
| Title | The count of Monte Cristo / |
| Statement of responsibility, etc | Alexandre Dumas ; adapted by Mitsu Yamamoto ; illustrations by Pablo Marcos Studio. |
| 260 ## - PUBLICATION, DISTRIBUTION, ETC. (IMPRINT) | |
| Place of publication, distribution, etc | New York, N.Y. : |
| Name of publisher, distributor, etc | Baronet Books, |
| Date of publication, distribution, etc | �2008. |
| 300 ## - PHYSICAL DESCRIPTION | |
| Extent | 236 pages : |
| Other physical details | illustrations ; |
| Dimensions | 21 cm. |
| 336 ## - Content Type | |
| Content type term | text |
| 337 ## - Media type | |
| Media type term | unmediated |
| 338 ## - Carrier type | |
| Carrier type term | volume |
| 490 1# - SERIES STATEMENT | |
| Series statement | Great illustrated classics |
| 500 ## - GENERAL NOTE | |
| General note | "D224-28"--Spine. |
| 520 ## - SUMMARY, ETC. | |
| Summary, etc | Sent to prison on a false accusation in 1815, Edmond Dantes escapes many years later and finds a treasure which he uses to exact his revenge. |
| 521 ## - TARGET AUDIENCE NOTE | |
| Target audience note | junior fiction |
| Source | donation |
| 650 #0 - SUBJECT ADDED ENTRY--TOPICAL TERM | |
| Topical term or geographic name as entry element | Revenge |
| Form subdivision | Fiction. |
| 9 (RLIN) | 5673795 |
| 651 #0 - SUBJECT ADDED ENTRY--GEOGRAPHIC NAME | |
| Geographic name | France |
| General subdivision | Social life and customs |
| Chronological subdivision | 19th century |
| Form subdivision | Fiction. |
| 9 (RLIN) | 6422459 |
| 650 #0 - SUBJECT ADDED ENTRY--TOPICAL TERM | |
| Topical term or geographic name as entry element | Adventure stories. |
| 650 #6 - SUBJECT ADDED ENTRY--TOPICAL TERM | |
| Topical term or geographic name as entry element | Vengeance |
| Form subdivision | Romans, nouvelles, etc. |
| 9 (RLIN) | 6446990 |
| 651 #6 - SUBJECT ADDED ENTRY--GEOGRAPHIC NAME | |
| Geographic name | France |
| General subdivision | M�urs et coutumes |
| Chronological subdivision | 19e si�ecle |
| Form subdivision | Romans, nouvelles, etc. |
| 9 (RLIN) | 6466286 |
| 650 #7 - SUBJECT ADDED ENTRY--TOPICAL TERM | |
| Topical term or geographic name as entry element | Adventure stories. |
| Source of heading or term | fast |
| -- | (OCoLC)fst00797462 |
| 650 #7 - SUBJECT ADDED ENTRY--TOPICAL TERM | |
| Topical term or geographic name as entry element | Manners and customs. |
| Source of heading or term | fast |
| -- | (OCoLC)fst01007815 |
| 650 #7 - SUBJECT ADDED ENTRY--TOPICAL TERM | |
| Topical term or geographic name as entry element | Revenge. |
| Source of heading or term | fast |
| -- | (OCoLC)fst01096476 |
| 651 #7 - SUBJECT ADDED ENTRY--GEOGRAPHIC NAME | |
| Geographic name | France. |
| Source of heading or term | fast |
| -- | (OCoLC)fst01204289 |
| 648 #7 - SUBJECT ADDED ENTRY--CHRONOLOGICAL TERM | |
| Chronological term | 1800-1899 |
| Source of heading or term | fast |
| 9 (RLIN) | 5678697 |
| 655 #2 - INDEX TERM--GENRE/FORM | |
| Genre/form data or focus term | Fictional Work |
| 9 (RLIN) | 6419090 |
| 655 #7 - INDEX TERM--GENRE/FORM | |
| Genre/form data or focus term | Action and adventure fiction. |
| Source of term | fast |
| -- | (OCoLC)fst01921574 |
| 655 #7 - INDEX TERM--GENRE/FORM | |
| Genre/form data or focus term | Fiction. |
| Source of term | fast |
| -- | (OCoLC)fst01423787 |
| 9 (RLIN) | 5673940 |
| 655 #7 - INDEX TERM--GENRE/FORM | |
| Genre/form data or focus term | Action and adventure fiction. |
| Source of term | lcgft |
| 655 #7 - INDEX TERM--GENRE/FORM | |
| Genre/form data or focus term | Fiction. |
| Source of term | lcgft |
| 9 (RLIN) | 5673940 |
| 655 #7 - INDEX TERM--GENRE/FORM | |
| Genre/form data or focus term | Romans. |
| Source of term | rvmgf |
| 9 (RLIN) | 6374904 |
| 700 1# - ADDED ENTRY--PERSONAL NAME | |
| Personal name | Yamamoto, Mitsu. |
| 9 (RLIN) | 5637 |
| 710 2# - ADDED ENTRY--CORPORATE NAME | |
| Corporate name or jurisdiction name as entry element | Pablo Marcos Studio. |
| 9 (RLIN) | 62349 |
| 830 #0 - SERIES ADDED ENTRY--UNIFORM TITLE | |
| Uniform title | Great illustrated classics. |
| 9 (RLIN) | 20514 |
| 994 ## - | |
| -- | C0 |
| -- | WACOL |
| Withdrawn status | Lost status | Source of classification or shelving scheme | Damaged status | Not for loan | Collection code | Home library | Current library | Shelving location | Date acquired | Source of acquisition | Total Checkouts | Total Renewals | Full call number | Barcode | Date last seen | Date checked out | Cost, replacement price | Price effective from | Koha item type |
|---|---|---|---|---|---|---|---|---|---|---|---|---|---|---|---|---|---|---|---|
| Dewey Decimal Classification | Junior Fiction | Wasatch County Library | Wasatch County Library | Main Floor Junior Area | 04/24/2023 | Donation | 7 | 9 | J Dumas | 34301002014738 | 03/09/2026 | 02/17/2026 | 7.95 | 04/24/2023 | BOOK |
